| 000 | 01367cam a22003617i 4500 | ||
|---|---|---|---|
| 999 |
_c28404 _d28375 |
||
| 001 | 18637340 | ||
| 003 | EG-ScBUE | ||
| 005 | 20200704111538.0 | ||
| 008 | 150120t2015 enk 000 d eng d | ||
| 020 | _a9781472574398 (pbk.) | ||
| 020 | _a1472574397 (pbk.) | ||
| 035 | _a(OCoLC)ocn886489304 | ||
| 040 |
_aBTCTA _beng _erda _cBTCTA _dBDX _dYDXCP _dCDX _dOCLCO _dIYU _dDLC _dEG-ScBUE |
||
| 082 | 0 | 4 |
_a822.914 _bBRE _222 |
| 100 | 1 |
_aBrenton, Howard, _d1942- _eauthor. |
|
| 245 | 1 | 4 |
_aThe Romans in Britain / _cHoward Brenton ; foreword by Samuel West ; introduction by Philip Roberts. |
| 264 | 1 |
_aLondon, UK ; _aNew York, NY : _bBloomsbury Methuen Drama, _c[2015] |
|
| 264 | 4 | _cc2015 | |
| 300 |
_axxvi, 106 pages ; _c20 cm. |
||
| 336 |
_atext _btxt _2rdacontent |
||
| 337 |
_aunmediated _bn _2rdamedia |
||
| 338 |
_avolume _bnc _2rdacarrier |
||
| 490 | 0 | _aMethuen drama modern classics | |
| 500 | _aOriginally published: London : Eyre Methuen, 1980. Second, revised edition published in 1981. | ||
| 650 | 7 |
_aRomans _zEngland _vDrama. _2BUEsh |
|
| 653 |
_bAAHHCHINA _cJuly2020 |
||
| 655 |
_vText book _933728 |
||
| 700 | 1 |
_aRoberts, Philip, _d1942- _ewriter of introduction. |
|
| 700 | 1 |
_aWest, Samuel, _dauthor of foreword. |
|
| 906 |
_a7 _bcbc _ccopycat _d3 _encip _f20 _gy-gencatlg |
||
| 942 |
_2ddc _cTXT |
||